banner-ar

الاتصال التربوى و التعليمى / (Record no. 62283)

MARC details
000 -الفاتح
حقل البيانات ثابتة الطول 01063nam a22002657a 4500
005 - وقت وتاريخ اخر تعامل مع التسجيلة
رقم الضبط 20240530110542.0
008 - عناصر البيانات ثابتة الطول - معلومات عامة
حقل البيانات ثابتة الطول 160515s2014 ku a g b 000 0 ara d
017 ## - رقم الايداع القانونى
رقم الايداع القانونى 2013/9/3249
المصدر ( الهيئة المختصة) الكويت . دائرة المكتبة الوطنية
020 ## - الرقم الدولى المعيارى للكتب
الرقم الدولى المعيارى للكتاب 9789957172145
040 ## - مصدر الفهرسة
وكالة الفهرسة الأصلية EG-CaGPL
082 04 - رقم تصنيف ديوى العشرى
رقم الطبعة 21
رقم التصنيف 371.1022\
رقم المادة أ أ
100 0# - المدخل الرئيسى - إسم شخصى
الإسم الشخصى احمد البستان .
245 12 - بيان العنوان
العنوان الاتصال التربوى و التعليمى /
بيان المسئوليه,etc تاليف احمد البستان ( واخ ... ) .
250 ## - بيان الطبعة
بيان الطبعة ط.1
260 ## - PUBLICATION, DISTRIBUTION, ETC. (IMPRINT)
تاريخ النشر أو التوزيع 2014 .
300 ## - الوصف المادى
التعداد 183 ص ؛
أبعاد الوعاء 24 سم .
504 ## - تبصرة ببليوجرافية
تبصرة ببليوجرافية,الخ ببليوجرافية : ص 177 - 183
650 04 - المدخل الاضافى بالموضوع-مصطلح موضوعى
مصطلح موضوعي الارتباط ( تعليم ) .
650 04 - المدخل الاضافى بالموضوع-مصطلح موضوعى
مصطلح موضوعي الاتصال التربوى .
700 0# - المدخل الاضافى - اسم شخصى
الإسم الشخصى نجوى حسين خليل
الدور مؤلف مشارك .
700 0# - المدخل الاضافى - اسم شخصى
الإسم الشخصى احمد سلامة العنزى
الدور مؤلف مشارك .
700 0# - المدخل الاضافى - اسم شخصى
الإسم الشخصى رجا الكردى
الدور مؤلف مشارك .
942 ## - عناصر المدخل الإضافي( كوها)
مصدر التصنيف او مخطط الترفيف Dewey Decimal Classification
Koha [default] item type كتاب
260 ## - PUBLICATION, DISTRIBUTION, ETC. (IMPRINT)
-- الكويت :
-- مكتبة الفلاح للنشر و التوزيع ،
Holdings
حالة التراجع حالة الفقد حالة تلف ليس للاعارة المكان المؤقت الموقع الحالى تاريخ الاكتساب اجمالي اﻻعارات رقم الطلب الباركود تاريخ اخر مشاهدة تاريخ تفعيل السعر نوع وعاء كوها
        مكتبة القاهرة الكبرى مكتبة القاهرة الكبرى 05/15/2016   371.1022\ أ أ 161958 05/15/2016 05/15/2016 كتاب

Powered By

EGPV